Visualizzazione normale
Vista MARC
- Resnais Alain
di Personal Name
Records bibliografici associati: 1
001 - CONTROL NUMBER
- control field: 48472
003 - CONTROL NUMBER IDENTIFIER
- control field: IT-RoPau
005 - DATE AND TIME OF LATEST TRANSACTION
- control field: 20151201205653.0
008 - FIXED-LENGTH DATA ELEMENTS
- fixed length control field: 151201|| aca||aabn | a|a d
040 ## - CATALOGING SOURCE
- Original cataloging agency: IT-RoPau
- Transcribing agency: IT-RoPau
100 ## - HEADING--PERSONAL NAME
- Personal name: Resnais Alain
- Relator term: (regista)
- Miscellaneous information: Codice regista SPICS: 2111
670 ## - SOURCE DATA FOUND
- Source citation: Work cat.: (IT-RoPau)106737: Resnais Alain Codice regista SPICS: 2111 48469, ANNO SCORSO A MARIENBAD (L') ANNO SCORSO A MARIENBAD (L') (Rif. Codice opera principale : 21665)